5 seconds of summer - Statistics

General Stats
  • This quiz has been taken 332 times
  • The average score is 16 of 24
Answer Stats
Hint Answer % Correct
Name; Michael ___ Clifford Gordon
95%
Name; ___ Robert Hemmings Luke
94%
Instrument; ____ Guitar
92%
DOB; 20/11/__ 1995
89%
Name; Calum Thomas ____ Hood
86%
DOB; 16/_/1996 7
83%
Instrument;____ Bass guitar
82%
DOB; 7/7/___ 1994
81%
Instrument; ____ Drums
78%
Name; Ashton ____ Irwin Fletcher
76%
Siblings;____ Mali
71%
DOB; _/1/1996 25
69%
Twitter name; _____ @Michael5SOS
63%
Siblings; ____ None
62%
Super hero name; ____ Cal Pal
61%
Twitter name;_____ @Luke5SOS
60%
Super hero name; _____ Mike-ro-wave
60%
Twitter name;_____ @Calum5SOS
59%
Twitter name; _____ @Ashton5SOS
56%
Super hero name;_____ Dr. Fluke
55%
Super hero name; _____ Smash
53%
Siblings;___ and ___ Ben and Jack
44%
Siblings; ___ and ___ Harry and Lauren
37%
Instruments;___and___ Guitar and voice
17%
No matching quizzes found
Score Distribution
Percent of People with Each Score
Percentile by Number Answered
Your Score History
You have not taken this quiz